Grupos de encuentro en terapia Gestalt : (Record no. 85869)

MARC details
000 -CABECERA
campo de control de longitud fija 00622nam a22001933a 4500
005 - FECHA Y HORA DE LA ÚLTIMA TRANSACCIÓN
campo de control 20220810150902.0
008 - ELEMENTOS DE LONGITUD FIJA--INFORMACIÓN GENERAL
campo de control de longitud fija 010924s1997 es r 000 0 spa d
020 ## - NÚMERO INTERNACIONAL NORMALIZADO PARA LIBROS
Número Internacional Estándar del Libro 8425420466
035 ## - NÚMERO DE CONTROL DEL SISTEMA
Número de control de sistema UPN01000111961
049 ## - COLECCIÓN
Colección CG
050 #4 - SIGNATURA TOPOGRÁFICA DE LA BIBLIOTECA DEL CONGRESO
Número de clasificación BF203
Número de documento/Ítem C3.3 1997
100 1# - ASIENTO PRINCIPAL--NOMBRE PERSONAL
Nombre de persona Castanedo Secadas, Celedonio
9 (RLIN) 32043
245 10 - MENCIÓN DE TÍTULO
Título Grupos de encuentro en terapia Gestalt :
Resto del título de la "silla vacía" al círculo gestáltico /
Mención de responsabilidad, etc. Celedonio Castanedo Secadas.
250 ## - MENCIÓN DE EDICIÓN
Mención de edición 2a ed. rev., actual. y ampl.
260 ## - PUBLICACIÓN, DISTRIBUCIÓN, ETC.
Lugar de publicación, distribución, etc. Barcelona, Esp. :
Nombre del editor, distribuidor, etc. Herder,
Fecha de publicación, distribución, etc. 1997.
300 ## - DESCRIPCIÓN FÍSICA
Extensión 342 p. :
Otras características físicas il.
650 #4 - ASIENTO SECUNDARIO DE MATERIA - TERMINO TEMATICO
Término de materia o nombre geográfico como elemento de entrada Psicología Gestalt
9 (RLIN) 225
905 ## - TIPO DE MATERIAL
Tipo de material Libro
Holdings
Estado de retiro Estado de pérdida Fuente del sistema de clasificación o colocación Estado dañado No para préstamo Código de colección Localización permanente Ubicación/localización actual Ubicación en estantería Total de préstamos Clasificación Código de barras Fecha visto por última vez Número de copia Tipo de ítem Koha Fecha de adquisición Renovaciones totales Fecha del último préstamo
    Library of Congress Classification     Colección General Bib. Gregorio Torres Quintero Bib. Gregorio Torres Quintero Planta baja 31 BF203 C3.3 1997 210961 31/12/2020 1 Libro      
    Library of Congress Classification     Colección General Bib. Gregorio Torres Quintero Bib. Gregorio Torres Quintero Planta baja 44 BF203 C3.3 1997 167241 03/05/2023 1 Libro 27/03/2023 1 27/03/2023